| 000 | 01249nam a22003137a 4500 | ||
|---|---|---|---|
| 003 | CHAP | ||
| 005 | 20220329143518.0 | ||
| 008 | 100317s2009 mx r 00010 spa d | ||
| 010 | _a97787 | ||
| 011 | _a98759 | ||
| 035 | _a109444 | ||
| 040 | _cCHAP | ||
| 082 | 0 | 4 |
_a366 _bC86 |
| 111 | 2 |
_aComisión de Relaciones Exteriores Organizaciones no Gubernamentales del Senado de la República. México. _925691 |
|
| 245 | 1 | 0 |
_aManual para las organizaciones de la sociedad civil _c/por Comisión de Relaciones Exteriores Organizaciones no Gubernamentales del Senado de la República |
| 260 |
_aMéxico, D.F. : _bSenado de la República. LXI Legislatura, _c2009 |
||
| 300 | _a79 p. | ||
| 590 |
_aBATCH-UPD _b10 _c20130110 _lUCH01 _h1005 |
||
| 590 |
_aBATCH-UPD _b10 _c20130410 _lUCH01 _h0614 |
||
| 590 |
_aBATCH-UPD _b10 _c20130914 _lUCH01 _h1017 |
||
| 590 |
_aCONVERSION _b10 _c20130109 _lUCH01 _h1354 |
||
| 650 | 1 | 4 |
_aOrganizaciones civiles. _983531 |
| 650 | 1 | 4 |
_aSociedades. _9108114 |
| 901 | _aBK | ||
| 942 | _cLIBRO | ||
| 949 |
_a366 C86 _bBC _cLIBRO _d33724002162248 _eLIBRO _fc.3 _h112098 _i109444 _sb |
||
| 949 |
_a366 C86 _bBC _cLIBRO _d33724002162280 _eLIBRO _h112096 _i109444 _sb |
||
| 949 |
_a366 C86 _bBC _cLIBRO _d33724002162322 _eLIBRO _fc.2 _h112097 _i109444 _sb |
||
| 999 |
_c97787 _d97787 |
||